| 000 | 00619nam a2200169Ia 4500 | ||
|---|---|---|---|
| 003 | GCL | ||
| 008 | 140319s9999 xx 000 0 ara d | ||
| 040 |
_aGCL / _cGCL |
||
| 082 | 0 | 4 |
_aق _b953.09 _bم ح |
| 100 | 1 | _aمحمد عبداللطيف البحراوى | |
| 245 | 1 | 0 |
_aحركة الاصلاح العثمانى فى عصر السلطان محمود الثانى 1808-1839 / _cمحمد عبداللطيف البحراوى |
| 300 | _a310 | ||
| 490 |
_aكتاب _v0 |
||
| 650 | 0 | 4 | _aالتاريخ الاسلامى |
| 650 | 0 | 4 | _aالعالم العربى - تاريخ - العصر العثمانى |
| 942 |
_2ddc _cBK |
||
| 999 |
_c42471 _d42471 |
||